LEADER 00857naa a2200217 u 4500 001 000000096477 003 CaOOAMICUS 005 20070226130146.0 008 041019s1993 it u000 u ita u 020 $a8802047375 035 $a11012214 040 $aIAR$bita 100 1 $aMarchetti, Valerio.$0(OLS)http://pul/name/61484 245 14$aGli eretici italiani :$bUna storia europea /$cValerio Marchetti. 260 $aTorino :$bUTET,$c1993. 300 $aS. 95-114 ;$c29 cm 773 0 $aL'Italia e la formazione della civiltà europea : La cultura civile. 773 0 $tL'Italia e la formazione della civiltà europea. 1, La cultura civile$w()19288 996 $6020$a8802047375$9(OLS)http://pul/number/24663 996 $6245$aGli eretici italiani :$bUna storia europea$9(OLS)http://pul/title/123354 996 $6260$aTorino :$bUTET$9(OLS)http://pul/publisher/48088 LEADER 01268nam a2200265 a 4500 001 000000176405 003 CaOOAMICUS 005 20231221161614.0 008 231221s2022 it frm z000 u spa r 032 $aLibriCat 040 $aPUL$bita 100 1 $aVargas Gómez, Juan Darío ,$d1984-$0(OLS)http://pul/name/113346 245 10$aBúsqueda de Dios y "diálogo de la salvación" :$buna lectura creyente del magisterio de la Iglesia / $cJuan Darío Vargas Gómez. 260 $aRoma :$b[s.n.],$c2022. 300 $a113 p. ;$c24 cm 502 $aEstratto della Tesi di Dottorato -- Pontificia Università Gregoriana -- Istituto di Spiritualità, 2022. 504 $aBibliografia: p. [95]-109. 650 4$aTeologia spirituale.$0(OLS)http://pul/subject/41013 710 2 $aPontificia Università Gregoriana.$bIstituto di spiritualità$kTesi.$0(OLS)http://pul/name/40854 850 $aPUL 852 $aPUL$W1$xDP1 Tesi Pon. Univ. Gregoriana$y40$m2022 B 39$j200471$qTesi$B205346$CPULBib$Z2$F205346 $82 941 1 $a16 996 $6245$aBúsqueda de Dios y "diálogo de la salvación" :$buna lectura creyente del magisterio de la Iglesia / $9(OLS)http://pul/title/217896 996 $6260$aRoma :$b[s.n.]$9(OLS)http://pul/publisher/47958